书目信息 |
| 题名: |
中国历史地图集
|
|
| 作者: | 谭其骧 主编 | |
| 分册: | 第一册 原始社会、商、西周、春秋、战国时期 | |
| 出版信息: | 北京 地图出版社 1982.10 |
|
| 页数: | 1册 | |
| 开本: | 26cm | |
| 丛书名: | ||
| 单 册: | ||
| 中图分类: | K992.6 | |
| 科图分类: | ||
| 主题词: | 历史地图--中国 | |
| 电子资源: | ||
| ISBN: | ||
| 000 | 00675nam0 2200229 45 | |
| 001 | 0175003108 | |
| 005 | 20050430114011.8 | |
| 010 | @dCNY3.30 | |
| 091 | @a12014.1220 | |
| 100 | @a19951025d1982 em y0chiy0121 ea | |
| 101 | 0 | @achi |
| 102 | @aCN@b110000 | |
| 105 | @ab z 000yy | |
| 200 | 10 | @a中国历史地图集@Azhong guo li shi di tu ji@h第一册@i原始社会、商、西周、春秋、战国时期@f谭其骧主编@FTan Qi Xiang Zhu Bian |
| 210 | @a北京@c地图出版社@d1982.10 | |
| 215 | @a1册@c图@d26cm | |
| 606 | @a历史地图@x中国 | |
| 690 | @aK992.6@v3 | |
| 701 | 0 | @a谭其骧@4主编 |
| 801 | 0 | @aCN@b广东省中山图书馆@c20040513 |
| 801 | 2 | @aCN@bNLC@c20040513 |
| 905 | @dK992.6@e10:1@f1@b100791 | |
| 中国历史地图集.第一册.原始社会、商、西周、春秋、战国时期/谭其骧主编.-北京:地图出版社,1982.10 |
| 1册:图;26cm |
| ISBN :CNY3.30 |
| ● |
| 相关链接 |
|
|
|
|
正题名:中国历史地图集
索取号:K992.6/10:1
 
预约/预借
| 序号 | 登录号 | 条形码 | 馆藏地/架位号 | 状态 | 备注 |
| 1 | 0100791 | 000807336 | 密集书库/ [索取号:K992.6/10:1] | 在馆 | |
| 2 | 0100792 | 000083475 | 密集书库/ [索取号:K992.6/10:1] | 在馆 | |
| 3 | 0100793 | 000807210 | 第二样本阅览室/ [索取号:K992.6/10:1] | 在馆 | |
| 4 | 0145385 | 000083457 | 第二借阅区/ [索取号:K992.6/10:1] | 在馆 | |
| 5 | 0145386 | 000083466 | 第二借阅区/ [索取号:K992.6/10:1] | 在馆 |